| 000 | 00918am a2200301a 44500 | ||
|---|---|---|---|
| 003 | AR-BaBNM | ||
| 005 | 20251128210904.0 | ||
| 008 | 151020s1999 #AR|||||||||||000 | esp|| | ||
| 020 | _a950-550-276-1 | ||
| 040 | _cAR-BaBNM | ||
| 100 | 1 | _aLuchetti, Elena Liliana | |
| 245 | 1 | 0 | _aPiedra libre... a los contenidos procedimentales |
| 260 |
_aBuenos Aires _bMagisterio del Río de la Plata _c1999 |
||
| 300 |
_a89 p. _btablas |
||
| 490 | 0 | _aRespuestas educativas. Aula EGB | |
| 504 | _aContiene referencias bibliográficas p. 85-89 | ||
| 650 | 4 | _aLIBROS DE TEXTO | |
| 650 | 4 | _aMETODOS DE ENSEÑANZA | |
| 653 | _aCONTENIDOS PROCEDIMENTALES | ||
| 653 | _aEDUCACION GENERAL BASICA | ||
| 653 | _aCONTENIDOS CURRICULARES | ||
| 653 | _aESTRATEGIAS DIDACTICAS | ||
| 653 | _aUNIDADES DIDACTICAS | ||
| 653 | _aEVALUACION EDUCATIVA | ||
| 800 | 1 | _aStarico de Accomo, Mabel N. | |
| 942 | _cBK | ||
| 998 | _cRAQUEL | ||
| 999 |
_c17310 _d17310 |
||